Β. Μαγιακόφσκι : 20 χρόνια δουλειάς
Saved in:
| Corporate Author: | |
|---|---|
| Format: | Book |
| Language: | Greek |
| Published: |
Αθήνα :
Υπουργείο Πολιτισμού και Επιστημών,
1983.
|
| Subjects: | |
| Tags: |
Add Tag
No Tags, Be the first to tag this record!
|
MARC
| LEADER | 00000cam a2200000 a 4500 | ||
|---|---|---|---|
| 001 | 1/121721 | ||
| 008 | 200714s1983####gr a|||||| |||| ||gre|| | ||
| 040 | |a GR-MyUa |b gre |c GR-MyUa |e AACR2 | ||
| 041 | 0 | |a gre | |
| 082 | 7 | |a 891.7142 |2 (23) | |
| 110 | 2 | |a Υπουργείο Πολιτισμού και Επιστημών. | |
| 245 | 1 | 0 | |a Β. Μαγιακόφσκι : |b 20 χρόνια δουλειάς / |c Υπουργείο Πολιτισμού και Επιστημών. Διεύθυνση Πολιτιστικών Εκδηλώσεων. |
| 260 | |a Αθήνα : |b Υπουργείο Πολιτισμού και Επιστημών, |c 1983. | ||
| 300 | |a 62 σ. ; |c 27 εκ. | ||
| 500 | |a Η έκθεση του Β. Μαγιακόφσκι παρουσιάζεται στην Ελλάδα με τη συνεργασία του Υπουργείου Πολιτισμού και Επιστημών της Ελλάδας, του Υπουργείου Πολιτισμού της Ένωσης Σοβιετικών Σοσιαλιστικών Δημοκρατιών και των Δήμων της Αθήνας και Θεσσαλονίκης. | ||
| 600 | 1 | 0 | |a Mayakovsky, Vladimir, |d 1893-1930. |
| 852 | |a INST |b LESVOS |e 20200714 |h 891.7142 MAY |p 005100062291 |q 005100062291 |t BK |y 0 | ||
| 920 | |a Χαραλαμπίδης |b Βασίλης |y Λέσβος |z 2015-04 | ||
| 970 | |a Δημάκη |b Μαρία |z 14-07-2020 | ||